I Paesi più giovani del mondo - Statistics

Statistiche generali
  • Questo quiz è stato fatto 64 volte
  • Il punteggio medio è 6 su 10
Statistiche sulle risposte
Paese Anno % Corretto
Sud Sudan 2011
91%
Kosovo 2008
84%
Montenegro 2006
72%
Serbia 2006
68%
Croazia 1995
51%
Repubblica Ceca 1993
49%
Slovacchia 1993
49%
Timor Est 2002
40%
Palau 1994
32%
Eritrea 1993
30%
Nessun quiz corrispondente trovato
Distribuzione punteggi
Percentuale di utenti per punteggio
Percentile per numero di risposta
I tuoi punteggi nel tempo
Non hai fatto questo quiz